000 00547nam a2200181Ia 4500
008 100920s9999 xx 000 0 und d
082 _b76176
_a891.464 थ 84
100 _a---
245 _aमी का लिहितो ?.
260 _bनिशान्त प्रकाशन, पुणे 9.
_c1984
300 _a104
_bसाधी
365 _b20
520 _aनिबंध.
630 _aमी का लिहितो ?.
650 _aनिबंध.
730 _aमी का लिहितो ?.
942 _cBOOK
999 _c717614
_d717611